[Event "IND-ch U15"]
[Site "Jammu"]
[Date "2015.09.24"]
[Round "5"]
[White "Sadhu, S Adithya"]
[Black "Nitish, Belurkar"]
[Result "0-1"]
[WhiteElo "1992"]
[BlackElo "2090"]
[PlyCount "114"]
[EventDate "2015.09.21"]
[EventType "swiss"]
[EventRounds "11"]
[EventCountry "IND"]
[SourceTitle "EXT 2016"]
[Source "ChessBase"]
[SourceDate "2015.10.08"]
[SourceVersion "1"]
[SourceVersionDate "2015.10.08"]
[SourceQuality "1"]

1. e4 e6 2. d4 d5 3. Nc3 Nf6 4. Bg5 Be7 5. e5 Nfd7 6. h4 c5 7. Nb5 f6 8. exf6 Nxf6 9. Nf3 a6 10. Nc3 Nc6 11. dxc5 Bxc5 12. Bd3 0-0 13. 0-0 h6 14. Bxf6 Qxf6 15. Qe2 Bd7 16. a3 Be8 17. Rae1 Bh5 18. Qxe6+ Qxe6 19. Rxe6 Bxf3 20. gxf3 Nd4 21. Rg6 Nxf3+ 22. Kh1 Nxh4 23. Rg4 Nf3 24. Nxd5 Ne5 25. Rg3 Rxf2 26. Rxf2 Bxf2 27. Rh3 Bc5 28. Be4 Ng4 29. Kg2 Nf2 30. Rh4 g5 31. Rxh6 Nxe4 32. Re6 Rd8 33. c4 Nd6 34. b3 Bxa3 35. Rg6+ Kf7 36. Rxg5 Rg8 37. Rxg8 Kxg8 38. Kf3 Kf7 39. Ke3 Bc5+ 40. Kd3 a5 41. Nc3 Ke6 42. Na4 b6 43. Nc3 Ke5 44. Nd5 Nf5 45. Kc3 Ne7 46. Nc7 Ke4 47. Na6 Nc6 48. Nc7 Nb4 49. Nb5 Ke3 50. Kb2 Kd2 51. Ka3 Nd3+ 52. Ka2 Kc1 53. Nc7 Kc2 54. Ne6 Nc1+ 55. Ka1 Nxb3+ 56. Ka2 a4 57. Nc7 Nc1+ 0-1

[Event "IND-ch U15"]
[Site "Jammu"]
[Date "2015.09.22"]
[Round "3"]
[White "Sadhu, S Adithya"]
[Black "Dhananjay"]
[Result "1-0"]
[WhiteElo "1992"]
[BlackElo "2187"]
[PlyCount "69"]
[EventDate "2015.09.21"]
[EventType "swiss"]
[EventRounds "11"]
[EventCountry "IND"]
[SourceTitle "EXT 2016"]
[Source "ChessBase"]
[SourceDate "2015.10.08"]
[SourceVersion "1"]
[SourceVersionDate "2015.10.08"]
[SourceQuality "1"]

1. e4 c5 2. Nf3 e6 3. d4 cxd4 4. Nxd4 a6 5. Nc3 Qc7 6. Be2 b5 7. 0-0 Bb7 8. Qd3 Nf6 9. f4 d6 10. Bf3 Nbd7 11. Nb3 Be7 12. Be3 0-0 13. g4 b4 14. Ne2 d5 15. e5 Ne4 16. Rac1 a5 17. c4 bxc3 18. Nxc3 Nxc3 19. Rxc3 Qd8 20. Rfc1 Ba6 21. Qd1 g5 22. Nd4 gxf4 23. Nc6 Qe8 24. Bxf4 Bb4 25. Nxb4 axb4 26. Rc7 Rd8 27. Qd2 f6 28. exf6 Rxf6 29. Bg2 Rf7 30. Bh6 Ne5 31. Qg5+ Ng6 32. h4 Rxc7 33. Rxc7 Rc8 34. Rg7+ Kh8 35. Qf6 1-0

[Event "IND-ch U13 29th"]
[Site "Gurgaon"]
[Date "2015.09.06"]
[Round "10"]
[White "Sadhu, S Adithya"]
[Black "Krishnater, Kushager"]
[Result "1/2-1/2"]
[WhiteElo "1950"]
[BlackElo "1883"]
[PlyCount "85"]
[EventDate "2015.08.30"]
[EventType "swiss"]
[EventRounds "11"]
[EventCountry "IND"]
[SourceTitle "EXT 2016"]
[Source "ChessBase"]
[SourceDate "2015.10.08"]
[SourceVersion "1"]
[SourceVersionDate "2015.10.08"]
[SourceQuality "1"]

1. e4 c5 2. Nf3 e6 3. d4 cxd4 4. Nxd4 a6 5. Nc3 Qc7 6. Be2 Nf6 7. 0-0 Be7 8. Be3 0-0 9. f4 d6 10. Bf3 Nc6 11. a4 Nxd4 12. Bxd4 e5 13. Be3 exf4 14. Bxf4 Qb6+ 15. Kh1 Qxb2 16. Qd4 Ng4 17. Rfb1 Bf6 18. e5 dxe5 19. Qd2 Qxa1 20. Rxa1 exf4 21. Rb1 Ne3 22. Nd5 Nxd5 23. Qxd5 Rd8 24. Qc4 Be6 25. Qxf4 Rac8 26. Bxb7 Rc4 27. Qf1 Rxa4 28. Bxa6 h6 29. Bb5 Rh4 30. Qf2 Rhd4 31. Bd3 Bc4 32. Bxc4 Rxc4 33. Re1 Bc3 34. Rf1 Bf6 35. Qe2 Rdc8 36. h3 Rxc2 37. Qg4 Rc1 38. Rxc1 Rxc1+ 39. Kh2 Be5+ 40. g3 Rc3 41. Qd7 f6 42. Qd5+ Kh8 43. Qa8+ 1/2-1/2

[Event "Voronezh op-A 19th"]
[Site "Voronezh"]
[Date "2015.06.16"]
[Round "5"]
[White "Sadhu, S Adithya"]
[Black "Klimentov, Evgeny"]
[Result "1-0"]
[WhiteElo "1915"]
[BlackElo "2196"]
[PlyCount "141"]
[EventDate "2015.06.12"]
[EventType "swiss"]
[EventRounds "9"]
[EventCountry "RUS"]
[SourceTitle "CBM 167 Extra"]
[Source "ChessBase"]
[SourceDate "2015.09.14"]
[SourceVersion "1"]
[SourceVersionDate "2015.09.14"]
[SourceQuality "1"]

1. e4 c5 2. Nf3 e6 3. d4 cxd4 4. Nxd4 Nf6 5. Nc3 Nc6 6. Ndb5 Bb4 7. a3 Bxc3+ 8. Nxc3 d5 9. exd5 Nxd5 10. Bd2 0-0 11. Bd3 e5 12. 0-0 f5 13. Bc4 Be6 14. Nxd5 Bxd5 15. Bg5 Bxc4 16. Bxd8 Raxd8 17. Qf3 e4 18. Qc3 Bxf1 19. Rxf1 Nd4 20. Kh1 Rd7 21. Rd1 Rfd8 22. Qc4+ Kh8 23. c3 Nc6 24. Rxd7 Rxd7 25. g4 fxg4 26. Qxe4 Re7 27. Qxg4 h6 28. Kg2 Rf7 29. b4 a6 30. c4 Kh7 31. Qe4+ g6 32. c5 Re7 33. Qc4 Na7 34. a4 Rg7 35. b5 axb5 36. axb5 Nc8 37. c6 bxc6 38. bxc6 Rc7 39. Qf4 Rg7 40. Kf3 Re7 41. Qf8 Rc7 42. Kg2 Na7 43. Qb8 Rg7 44. c7 Nc6 45. c8Q Nxb8 46. Qxb8 Rf7 47. Kg3 Rf5 48. Qc7+ Kg8 49. Qd8+ Kf7 50. Qh8 h5 51. f4 Rb5 52. Qc8 Rf5 53. Qc7+ Kf6 54. Qd6+ Kf7 55. Kh4 Kg7 56. Qe7+ Kh6 57. Kg3 Rb5 58. Qf8+ Kh7 59. Qf7+ Kh6 60. Qg8 Rb7 61. Qh8+ Rh7 62. Qf8+ Rg7 63. Kh4 Kh7 64. f5 gxf5 65. Kxh5 Rg8 66. Qxf5+ Kg7 67. Kg5 Rf8 68. Qg6+ Kh8 69. Kh6 Rf7 70. h3 Re7 71. Qf6+ 1-0

[Event "Voronezh op-A 19th"]
[Site "Voronezh"]
[Date "2015.06.12"]
[Round "1"]
[White "Sargissyan, Sargis"]
[Black "Sadhu, S Adithya"]
[Result "1-0"]
[WhiteElo "2313"]
[BlackElo "1915"]
[PlyCount "91"]
[EventDate "2015.06.12"]
[EventType "swiss"]
[EventRounds "9"]
[EventCountry "RUS"]
[SourceTitle "CBM 167 Extra"]
[Source "ChessBase"]
[SourceDate "2015.09.14"]
[SourceVersion "1"]
[SourceVersionDate "2015.09.14"]
[SourceQuality "1"]

1. e4 c5 2. Nf3 Nc6 3. d4 cxd4 4. Nxd4 Qb6 5. Nb3 Nf6 6. Nc3 e6 7. Bd3 a6 8. Be3 Qc7 9. f4 d6 10. Qf3 Be7 11. g4 b5 12. 0-0-0 Bb7 13. g5 Nd7 14. Qh3 Nb4 15. Kb1 Rc8 16. g6 Nxd3 17. cxd3 b4 18. Qxh7 Rf8 19. gxf7+ Rxf7 20. Qh8+ Bf8 21. Na4 Bc6 22. Rc1 Qb8 23. Rxc6 Rxc6 24. Nd4 Rc8 25. b3 Nc5 26. Nxc5 dxc5 27. Nf3 Qd6 28. Ne5 Rf6 29. Qh5+ Kd8 30. Rd1 Kc7 31. Ng4 Qe7 32. Nxf6 gxf6 33. Bxc5 Qe8 34. Qh7+ Kc6 35. Bxf8 Qxf8 36. Qa7 Kb5 37. Qd7+ Ka5 38. Qxe6 Qc5 39. Qc4 Qh5 40. Qxc8 Qxd1+ 41. Kb2 Qd2+ 42. Qc2 Qe3 43. a3 Qd4+ 44. Ka2 bxa3 45. Qc7+ Kb5 46. Qc4+ 1-0